LEADER 02176nam 2200649 450 001 9910465317503321 005 20200520144314.0 010 $a0-8229-5969-0 010 $a0-8229-7328-6 035 $a(CKB)3710000000221944 035 $a(OCoLC)647182099 035 $a(CaPaEBR)ebrary10908930 035 $a(SSID)ssj0001334274 035 $a(PQKBManifestationID)11739869 035 $a(PQKBTitleCode)TC0001334274 035 $a(PQKBWorkID)11405947 035 $a(PQKB)11634276 035 $a(MiAaPQ)EBC2038806 035 $a(MdBmJHUP)muse32109 035 $a(Au-PeEL)EBL2038806 035 $a(CaPaEBR)ebr10908930 035 $a(CaONFJC)MIL635885 035 $a(EXLCZ)993710000000221944 100 $a20140829h20052005 uy 0 101 0 $aeng 135 $aurcnu|||||||| 181 $ctxt 182 $cc 183 $acr 200 10$a(Re)Writing craft $ecomposition, creative writing, and the future of English studies /$fTim Mayers 210 1$aPittsburgh, Pennsylvania :$cUniversity of Pittsburgh Press,$d2005. 210 4$dİ2005 215 $a1 online resource (209 p.) 225 1 $aPittsburgh Series in Composition, Literacy, and Culture 300 $aBibliographic Level Mode of Issuance: Monograph 311 $a1-322-04634-4 311 $a0-8229-4256-9 320 $aIncludes bibliographical references and index. 410 0$aPittsburgh series in composition, literacy, and culture. 606 $aEnglish language$xRhetoric$xStudy and teaching 606 $aReport writing$xStudy and teaching (Higher) 606 $aEnglish philology$xStudy and teaching 606 $aCreative writing (Higher education) 608 $aElectronic books. 615 0$aEnglish language$xRhetoric$xStudy and teaching. 615 0$aReport writing$xStudy and teaching (Higher) 615 0$aEnglish philology$xStudy and teaching. 615 0$aCreative writing (Higher education) 676 $a808/.042/071 700 $aMayers$b Tim$01039905 801 0$bMiAaPQ 801 1$bMiAaPQ 801 2$bMiAaPQ 906 $aBOOK 912 $a9910465317503321 996 $aRe)Writing craft$92462384 997 $aUNINA LEADER 01433nas 2200469-a 450 001 9910446756303321 005 20230222213018.0 011 $a2631-9675 035 $a(DE-599)ZDB2963548-2 035 $a(OCoLC)60618131 035 $a(CKB)110978979436430 035 $a(CONSER)--2019201655 035 $a(EXLCZ)99110978979436430 100 $a20050614a19929999 s-- a 101 0 $aeng 135 $aurun||||||||| 181 $ctxt$2rdacontent 182 $cc$2rdamedia 183 $acr$2rdacarrier 200 00$aInternational journal of educational reform 210 $aLancaster, PA $cTechnomic Pub 210 3 $aThousand Oaks, CA $cSAGE Publications 215 $a1 online resource 300 $aRefereed/Peer-reviewed 311 $a1056-7879 606 $aEducational change$vPeriodicals 606 $aEducation and state$vPeriodicals 606 $aEducation and state$2fast$3(OCoLC)fst00902835 606 $aEducational change$2fast$3(OCoLC)fst00903371 606 $aOnderwijsvernieuwing$2gtt 608 $aPeriodicals.$2fast 608 $aPeriodicals.$2lcgft 615 0$aEducational change 615 0$aEducation and state 615 7$aEducation and state. 615 7$aEducational change. 615 17$aOnderwijsvernieuwing. 676 $a370/.5 906 $aJOURNAL 912 $a9910446756303321 996 $aInternational journal of educational reform$92018379 997 $aUNINA LEADER 02337oam 2200541 450 001 9910707849103321 005 20161216170104.0 035 $a(CKB)5470000002468068 035 $a(OCoLC)885281873 035 $a(EXLCZ)995470000002468068 100 $a20140805d1979 ua 0 101 0 $aeng 135 $aurbn||||||||| 181 $ctxt$2rdacontent 182 $cc$2rdamedia 183 $acr$2rdacarrier 200 10$aRevised stratigraphy and radiometric ages of volcanic rocks and mineral deposits in the Marysvale area, west-central Utah $emineralization took place many times during a complex history of volcanic activity in late Cenozoic time /$fby T.A. Steven, C.G. Cummingham, C.W. Naeser, and H.H. Mehnert 210 1$a[Washington, D.C.] :$cUnited States Department of the Interior, Geological Survey,$d1979. 210 2$aWashington :$cUnited States Government Printing Office. 215 $a1 online resource (iii, 40 pages) $cillustrations 225 1 $aGeological Survey bulletin ;$v1469 300 $aThis article supersedes: Revised stratigraphy and radiometric ages of volcanic rocks and mineral deposits in the Marysvale area, west-central Utah (1977). 320 $aIncludes bibliographical references (pages 36-40). 517 $aRevised stratigraphy and radiometric ages of volcanic rocks and mineral deposits in the Marysvale area, west-central Utah 606 $aGeology$zUtah$zMarysvale 606 $aGeology, Stratigraphic$yMiocene 606 $aGeology, Stratigraphic$yOligocene 606 $aMineralogy$zUtah$zMarysvale 606 $aVolcanic ash, tuff, etc$zUtah$zMarysvale 615 0$aGeology 615 0$aGeology, Stratigraphic 615 0$aGeology, Stratigraphic 615 0$aMineralogy 615 0$aVolcanic ash, tuff, etc. 700 $aSteven$b Thomas A$g(Thomas August),$f1917-2013,$01388925 702 $aCunningham$b Charles G. 702 $aMehnert$b Harald H. 702 $aNaeser$b Charles W. 712 02$aGeological Survey (U.S.), 801 0$bCOP 801 1$bCOP 801 2$bOCLCO 801 2$bOCLCA 801 2$bGPO 906 $aBOOK 912 $a9910707849103321 996 $aRevised stratigraphy and radiometric ages of volcanic rocks and mineral deposits in the Marysvale area, west-central Utah$93478323 997 $aUNINA